000
00309nam a22001337a 4500
008
170619b xxu||||| |||| 00| 0 eng d
020
_a
9780321097019
041
_a
eng
080
_2
6 ED
_a
32
100
_a
20
101
_a
SHP
245
_a
THE STRUGGLE FOR DRMOCRACY
_c
GREENBERG.E.S
942
_2
udc
_c
BK
999
_c
17997
_d
17997